000 01052nam a2200325Ia 4500
003 OSt
005 20221007123056.0
006 a|||||r|||| 00| 0
007 ta
008 221006b |||||||| |||| 00| 0 eng d
020 _a9783319496818 (hbk)
024 _a199016
037 _b119, 27/02/2018, Aviva Books Company
_cTextual
040 _aPAPL
_cPAPL
_beng
041 _2eng
_aeng
082 _aCK85, Q7 Carpa
100 _aGasperini Maurizio
_9713623
245 0 _aTheory of gravitational interactions
250 _a2
260 _aSwitzerland
_bSpringer
_c2017
300 _axvii,373p. ill.
_ccm.
500 _aAppendix A-B, 303-365p.; References 365-368p.; Index 369-373p.
650 _a Gravitational waves
_9715037
650 _a Kasner solution
_9716342
650 _a Relativistic theory of gravity
_9716343
650 _a Tensor calculus
_9716344
650 _aPhysics
942 _hCK85, Q7 Carpa
_cTEXL
_2CC
999 _c1211344
_d1211344